Inovatívne prístupy v B2B marketingu (zamerané na oblasť nákupu) diplomová práca

Guardado en:
Detalles Bibliográficos
Autor principal: Popovičová, Nikoleta
Autor Corporativo: Obchodná fakulta EU. Katedra marketingu
Otros Autores: Dzurová, Mária
Formato: Libro
Lenguaje:eslovaco
Publicado: Bratislava 2018
Etiquetas: Agregar Etiqueta
Sin Etiquetas, Sea el primero en etiquetar este registro!

MARC

LEADER 00000nbm a2200000 4500
001 0243389
005 20180817115034.7
041 0 |a slo 
044 |a SK 
245 1 0 |a Inovatívne prístupy v B2B marketingu (zamerané na oblasť nákupu)  |b diplomová práca  |c Nikoleta Popovičová ; školiteľ: Mária Dzurová 
264 1 |a Bratislava  |c 2018 
300 |a 61 s. 
100 1 |a Popovičová, Nikoleta 
700 1 |a Dzurová, Mária 
710 2 |a Obchodná fakulta EU. Katedra marketingu